Fifteenth General Review of Quotas : Report of the Executive Board to the Board of Governors.

In the report, the Executive Board proposes that the Board of Governors adopt a Resolution: (i) noting the Report of the Executive Board and expressing regret that the timetable for completing the Fifteenth Review established under Resolution No. 71-2 is no longer within reach; (ii) calling on the E...

Ausführliche Beschreibung

Bibliographische Detailangaben
Körperschaft: International Monetary Fund
Format: Zeitschrift
Sprache:English
Veröffentlicht: Washington, D.C. : International Monetary Fund, 2016.
Schriftenreihe:Policy Papers; Policy Paper ; No. 2016/011
Schlagworte:
Online Zugang:Full text available on IMF
LEADER 02323cas a2200301 a 4500
001 AALejournalIMF020657
008 230101c9999 xx r poo 0 0eng d
020 |c 5.00 USD 
020 |z 9781498345118 
022 |a 2663-3493 
040 |a BD-DhAAL  |c BD-DhAAL 
110 2 |a International Monetary Fund. 
245 1 0 |a Fifteenth General Review of Quotas :   |b Report of the Executive Board to the Board of Governors. 
264 1 |a Washington, D.C. :  |b International Monetary Fund,  |c 2016. 
300 |a 1 online resource (6 pages) 
490 1 |a Policy Papers 
500 |a <strong>Off-Campus Access:</strong> No User ID or Password Required 
500 |a <strong>On-Campus Access:</strong> No User ID or Password Required 
506 |a Electronic access restricted to authorized BRAC University faculty, staff and students 
520 3 |a In the report, the Executive Board proposes that the Board of Governors adopt a Resolution: (i) noting the Report of the Executive Board and expressing regret that the timetable for completing the Fifteenth Review established under Resolution No. 71-2 is no longer within reach; (ii) calling on the Executive Board to work on the Fifteenth Review expeditiously in line with existing Executive Board understandings and the guidance provided by the IMFC on October 8, 2016 with the aim of completing the Fifteenth Review by the 2019 Spring Meetings and no later than the 2019 Annual Meetings; (iii) requesting that the Executive Board report on progress on the Fifteenth Review to the Board of Governors semiannually, with a first report by the 2017 Annual Meetings; and (iv) urging the remaining members who have not yet consented to their quota increases under the Fourteenth General Review of Quotas to do so without further delay and urging the members who have consented to their quota increases to make their quota payments in a timely manner. 
538 |a Mode of access: Internet 
650 7 |a Executive Board Report To The Board Of Governors  |2 imf 
650 7 |a Fifteenth Review To The Board Of Governors  |2 imf 
650 7 |a Guidance  |2 imf 
650 7 |a PP  |2 imf 
650 7 |a Work Agenda  |2 imf 
830 0 |a Policy Papers; Policy Paper ;  |v No. 2016/011 
856 4 0 |z Full text available on IMF  |u http://elibrary.imf.org/view/journals/007/2016/011/007.2016.issue-011-en.xml  |z IMF e-Library